| 000 | 00831nam a22002537a 4500 | ||
|---|---|---|---|
| 005 | 20140505113022.0 | ||
| 010 | _aENG-109662 | ||
| 020 |
_c575.00 _a9781259026744 |
||
| 020 |
_c575.00 _a1259026744 |
||
| 035 | _aEN-93195 | ||
| 037 | _bDBAD/PUB | ||
| 082 | _a155.2 | ||
| 100 | _aLarsen, Randy J. | ||
| 245 | 0 | 0 |
_aPersonality psychology : _cby Randy J. Larsen, David M. Buss [and] Megha U. Deuskar _bdomains of knowlege about human nature / |
| 250 | _a4th ed | ||
| 260 |
_aNew Delhi _bMcGraw Hill Education _c2014 |
||
| 270 |
_aP-24, Green Park Extn. _bNew Delhi _e110016 |
||
| 300 |
_axxvii,711p. _c24cm(pbk) |
||
| 500 | _aIncludes bibliographical references and index | ||
| 650 |
_aPersonality _vTextbooks. |
||
| 700 | _aBuss, David M. | ||
| 700 | _aDeuskar, Megha U. | ||
| 942 |
_2ddc _cEN _mLAR _h155.2 |
||
| 999 |
_c83295 _d83295 |
||